书目信息 |
| 题名: |
地下防护工程与结构
|
|
| 作者: | 周子龙 , 李夕兵 主编 | |
| 分册: | ||
| 出版信息: | 中南大学出版社 2014.09 |
|
| 页数: | 212页 | |
| 开本: | 20cm | |
| 丛书名: | ||
| 单 册: | ||
| 中图分类: | TU9 | |
| 科图分类: | ||
| 主题词: | 地下建筑物 | |
| 电子资源: | ||
| ISBN: | 7-5487-1050-X | |
| 000 | 00620nam0 2200193 450 | |
| 001 | 1456802300 | |
| 005 | 20141121155154.75 | |
| 010 | @a7-5487-1050-X@dCNY30.00 | |
| 100 | @a20141121d2014 km y0chiy0120 ea | |
| 101 | 0 | @achi |
| 200 | 1 | @a地下防护工程与结构@Adi xia fang hu gong cheng yu jie gou@f周子龙,李夕兵等主编@Fzhou zi long,li xi bing deng zhu bian |
| 210 | @c中南大学出版社@d2014.09 | |
| 215 | @a212页@d20cm | |
| 606 | 0 | @a地下建筑物 |
| 690 | @aTU9@v4 | |
| 701 | 0 | @a周子龙@Azhou zi long@4主编 |
| 701 | 0 | @a李夕兵@Ali xi bing@4主编 |
| 801 | 0 | @aCN@b大连网信软件有限公司图书馆·11@c20141121 |
| 905 | @aZUCC@dTU9@eZ813 | |
| 地下防护工程与结构/周子龙,李夕兵等主编.-中南大学出版社,2014.09 |
| 212页;20cm |
| ISBN 7-5487-1050-X:CNY30.00 |
| ● |
| 相关链接 |
|
|
|
正题名:地下防护工程与结构
索取号:TU9/Z813
 
预约/预借
| 序号 | 登录号 | 条形码 | 馆藏地/架位号 | 状态 | 备注 |
| 1 | 495021 | 204950213 | 城院文库/ [索取号:TU9/Z813] | 在馆 |